| 000 | 00800nam a2200277Ia 4500 | ||
|---|---|---|---|
| 008 | 160803s9999 xx 000 0 und d | ||
| 020 | _a9780590448222 | ||
| 100 | _aDadey, Debbie | ||
| 245 | _aLeprechauns don't play basketball / | ||
| 245 | _cby Debbie Dadey and Marcia Thornton Jones ; illustrated by John Steven Gurney. | ||
| 260 | _aNew York : | ||
| 260 | _bScholastic Inc. | ||
| 260 | _c1992 | ||
| 300 | _a71 pages : | ||
| 300 | _billustrations ; | ||
| 300 | _c20 cm. | ||
| 650 | _aBasketball stories. | ||
| 650 | _aJuvenile fiction. | ||
| 650 | _aJuvenile fiction. | ||
| 650 | _aLeprechauns -- | ||
| 650 | _xBailey School Kids (Fictitious characters) -- | ||
| 650 | _xBasketball -- Fiction. | ||
| 650 | _xJuvenile fiction. | ||
| 650 | _xSchools -- | ||
| 700 | _a650 | ||
| 999 |
_c298535 _d298535 |
||